[Event "Hamburg-chT Landesliga 2122"]
[Site "Hamburg"]
[Date "2021.12.12"]
[Round "3.5"]
[White "Schiele, Lars"]
[Black "Posske, Thore"]
[Result "1-0"]
[WhiteElo "2063"]
[BlackElo "2013"]
[PlyCount "55"]
[EventDate "2021.10.31"]
[EventType "team-tourn"]
[EventRounds "9"]
[EventCountry "GER"]
[SourceTitle "EXT 2023"]
[Source "ChessBase"]
[SourceDate "2022.10.05"]
[SourceVersion "1"]
[SourceVersionDate "2022.10.05"]
[SourceQuality "1"]
[WhiteTeam "Weisse Dame"]
[BlackTeam "Hamburger SK IV"]
[WhiteTeamCountry "GER"]
[BlackTeamCountry "GER"]

1. d4 d5 2. c4 c6 3. Nf3 e6 4. Nc3 dxc4 5. a4 Bb4 6. Bd2 b5 7. axb5 Bxc3 8. Bxc3 cxb5 9. e3 a5 10. b3 Bb7 11. bxc4 b4 12. Bb2 Nf6 13. Bd3 Be4 14. Be2 0-0 15. 0-0 Nbd7 16. Ne1 Bc6 17. Nd3 Qb6 18. c5 Qb7 19. f3 Rfd8 20. Qd2 e5 21. dxe5 Nxc5 22. exf6 Nxd3 23. Bxd3 g6 24. Bd4 Qd7 25. Rfc1 Bb5 26. Be4 Ra6 27. Qe1 Rb8 28. Rc5 1-0

[Event "Hamburg-ch MA"]
[Site "Hamburg"]
[Date "2019.06.10"]
[Round "3"]
[White "Schiele, Lars"]
[Black "Popist, Florian"]
[Result "1/2-1/2"]
[WhiteElo "2089"]
[BlackElo "2018"]
[PlyCount "44"]
[EventDate "2019.06.08"]
[EventType "swiss"]
[EventRounds "9"]
[EventCountry "GER"]
[SourceTitle "EXT 2022"]
[Source "ChessBase"]
[SourceDate "2021.10.06"]
[SourceVersion "1"]
[SourceVersionDate "2021.10.06"]
[SourceQuality "1"]

1. d4 d5 2. c4 e6 3. Nc3 Be7 4. cxd5 exd5 5. Qc2 c6 6. Bf4 Bd6 7. Bxd6 Qxd6 8. e3 Qg6 9. Qxg6 hxg6 10. b4 a6 11. f3 Nf6 12. Nge2 Nbd7 13. Nf4 Nh5 14. Nxh5 gxh5 15. a4 Nf6 16. Bd3 Be6 17. Kf2 Kd7 18. b5 a5 19. Rab1 Rab8 20. Rhc1 Rhc8 21. Ne2 Kd6 22. bxc6 bxc6 1/2-1/2

[Event "Hamburg St Pauli op-A"]
[Site "Hamburg"]
[Date "2014.07.24"]
[Round "6"]
[White "Voigt, Martin"]
[Black "Schiele, Lars"]
[Result "1-0"]
[WhiteElo "2313"]
[BlackElo "2097"]
[PlyCount "75"]
[EventDate "2014.07.19"]
[EventType "swiss"]
[EventRounds "9"]
[EventCountry "GER"]
[SourceTitle "CBM 161 Extra"]
[Source "ChessBase"]
[SourceDate "2014.08.29"]
[SourceVersion "1"]
[SourceVersionDate "2014.08.29"]
[SourceQuality "1"]

1. e4 e5 2. Nf3 Nc6 3. Bc4 Bc5 4. c3 Nf6 5. d3 a6 6. Bb3 0-0 7. 0-0 h6 8. d4 exd4 9. cxd4 Ba7 10. e5 Ne4 11. d5 Ne7 12. d6 cxd6 13. exd6 Ng6 14. Qd5 Nc5 15. Bc2 Qf6 16. Nc3 Rb8 17. Be3 b6 18. Nd4 Bb7 19. Qh5 Rfe8 20. Nf5 Re5 21. f4 Rxe3 22. Nxe3 Qd4 23. Rae1 Re8 24. Ncd5 Nd3 25. Bxd3 Qxd3 26. f5 Bxd5 27. Nxd5 Rxe1 28. Rxe1 Ne5 29. Qe2 b5+ 30. Kh1 Qxd5 31. Qxe5 Qd2 32. Rf1 Qd3 33. Re1 Bf2 34. Qe2 Qd4 35. Rd1 Qh4 36. Qe8+ Kh7 37. Qxf7 Qe4 38. f6 1-0

[Event "Hamburg-ch MA"]
[Site "Hamburg"]
[Date "2014.06.09"]
[Round "3"]
[White "Brandt, Carina"]
[Black "Schiele, Lars"]
[Result "1-0"]
[WhiteElo "1871"]
[BlackElo "2112"]
[PlyCount "61"]
[EventDate "2014.06.07"]
[EventType "swiss"]
[EventRounds "9"]
[EventCountry "GER"]
[SourceTitle "CBM 161 Extra"]
[Source "ChessBase"]
[SourceDate "2014.08.29"]
[SourceVersion "1"]
[SourceVersionDate "2014.08.29"]
[SourceQuality "1"]

1. e4 g6 2. Nc3 Bg7 3. f4 d6 4. Nf3 Nf6 5. d3 0-0 6. g3 c6 7. Bg2 d5 8. 0-0 Na6 9. e5 Nd7 10. Ne2 f6 11. d4 fxe5 12. fxe5 Qb6 13. Kh1 c5 14. c3 Nc7 15. Nf4 cxd4 16. cxd4 Nb8 17. Ng5 e6 18. h4 Nc6 19. h5 Qxd4 20. hxg6 h6 21. Qxd4 Nxd4 22. Nf7 Bd7 23. Nh5 Bb5 24. Bxh6 Bxf1 25. Rxf1 Nf5 26. Bxg7 Nxg3+ 27. Nxg3 Kxg7 28. Rf6 Rfb8 29. Nh5+ Kf8 30. Nh6+ Ke8 31. Rf7 1-0

[Event "Hamburg-chT Landesliga 1314"]
[Site "Hamburg"]
[Date "2014.04.13"]
[Round "9.4"]
[White "Schuetze, Wolf Thomas"]
[Black "Schiele, Lars"]
[Result "1/2-1/2"]
[WhiteElo "2134"]
[BlackElo "2104"]
[PlyCount "101"]
[EventDate "2013.10.13"]
[EventType "team-tourn"]
[EventRounds "9"]
[EventCountry "GER"]
[SourceTitle "EXT 2022"]
[Source "ChessBase"]
[SourceDate "2021.10.06"]
[SourceVersion "1"]
[SourceVersionDate "2021.10.06"]
[SourceQuality "1"]
[WhiteTeam "St Pauli II"]
[BlackTeam "Hamburg Weisse Dame"]
[WhiteTeamCountry "GER"]
[BlackTeamCountry "GER"]

1. Nf3 c5 2. e4 Nc6 3. Bb5 g6 4. 0-0 Bg7 5. Re1 Nf6 6. a4 0-0 7. c3 a6 8. Bf1 e5 9. d3 d6 10. Na3 Rb8 11. d4 Bg4 12. d5 Na7 13. Nc4 Nc8 14. a5 Ne8 15. Be2 Nc7 16. Nfd2 Bd7 17. Bg4 f5 18. Bh3 Kh8 19. exf5 gxf5 20. f4 Nxd5 21. Nf3 Be6 22. fxe5 Nxc3 23. bxc3 Bxc4 24. Bg5 Qd7 25. Ra4 b5 26. axb6 Nxb6 27. Rxc4 Nxc4 28. e6 Qe8 29. Qd3 Ne5 30. Nxe5 dxe5 31. Bxf5 Qh5 32. h4 Qe8 33. e7 Rf7 34. Bd7 Qg8 35. Qd6 h6 36. Qxb8 Qxb8 37. e8Q+ Qxe8 38. Bxe8 Rf8 39. Bxh6 Bxh6 40. Rxe5 Bd2 41. c4 Bc3 42. Re6 Rf4 43. h5 Rxc4 44. Bg6 Bd2 45. Rxa6 Rf4 46. g3 Rf8 47. Rc6 Kg7 48. Kg2 Be3 49. Be4 Rf6 50. Rc7+ Rf7 51. Rc8 1/2-1/2

[Event "Lueneburg op"]
[Site "Lueneburg"]
[Date "2013.07.20"]
[Round "6"]
[White "Schiele, Lars"]
[Black "Urbanek, Paul Gerhard"]
[Result "1-0"]
[WhiteElo "2097"]
[BlackElo "1959"]
[PlyCount "75"]
[EventDate "2013.07.15"]
[EventType "swiss"]
[EventRounds "7"]
[EventCountry "GER"]
[SourceTitle "CBM 155 Extra"]
[Source "ChessBase"]
[SourceDate "2013.08.26"]
[SourceVersion "1"]
[SourceVersionDate "2013.08.26"]
[SourceQuality "1"]

1. e4 e5 2. Nf3 Nc6 3. Bb5 a6 4. Ba4 Nf6 5. 0-0 b5 6. Bb3 Be7 7. Re1 0-0 8. h3 d6 9. c3 Na5 10. Bc2 c5 11. d4 Nd7 12. Nbd2 Bf6 13. Nf1 cxd4 14. cxd4 Nc6 15. d5 Nb4 16. Bb1 a5 17. Qe2 Rb8 18. Bd2 Na6 19. Bc2 b4 20. Ne3 g6 21. Nc4 Ndc5 22. a3 Bg7 23. Nxa5 Qxa5 24. axb4 Qb6 25. bxc5 Nxc5 26. Ba5 Qb7 27. b4 Nd7 28. Ba4 Nf6 29. Rec1 Qa6 30. Qxa6 Bxa6 31. Bc7 Rxb4 32. Bxd6 Rfb8 33. Bc2 Bh6 34. Re1 Bc4 35. Nxe5 Rb2 36. Bxb8 Rxc2 37. Ra8 Ra2 38. Ba7+ 1-0

[Event "Hamburg St Pauli op-A"]
[Site "Hamburg"]
[Date "2011.07.12"]
[Round "5"]
[White "Schiele, Lars"]
[Black "Hawranke, Dietrich"]
[Result "1/2-1/2"]
[WhiteElo "2052"]
[BlackElo "2139"]
[PlyCount "36"]
[EventDate "2011.07.09"]
[EventType "swiss"]
[EventRounds "9"]
[EventCountry "GER"]
[SourceTitle "CBM 143 Extra"]
[Source "ChessBase"]
[SourceDate "2011.08.29"]
[SourceVersion "1"]
[SourceVersionDate "2011.08.29"]
[SourceQuality "1"]

1. e4 c5 2. Nf3 Nc6 3. d4 cxd4 4. Nxd4 g6 5. c4 Bg7 6. Be3 Nf6 7. Nc3 d6 8. f3 0-0 9. Qd2 Bd7 10. Be2 Qa5 11. 0-0 Rfc8 12. Rab1 Ne5 13. b3 a6 14. a4 Qd8 15. Rfc1 Be8 16. h3 e6 17. Rd1 Qc7 18. Rbc1 Bf8 1/2-1/2

[Event "Harburg-chB 8th"]
[Site "Hamburg"]
[Date "2010.08.21"]
[Round "2"]
[White "Schiele, Lars"]
[Black "Ramme, Christoph"]
[Result "0-1"]
[WhiteElo "2043"]
[BlackElo "2062"]
[PlyCount "64"]
[EventDate "2010.08.20"]
[EventType "tourn"]
[EventRounds "5"]
[EventCountry "GER"]
[SourceTitle "EXT 2012"]
[Source "ChessBase"]
[SourceDate "2011.11.24"]
[SourceVersion "1"]
[SourceVersionDate "2011.11.24"]
[SourceQuality "1"]

1. d4 Nf6 2. Nc3 d5 3. Bg5 Bf5 4. f3 c6 5. e4 dxe4 6. Bxf6 gxf6 7. fxe4 Bg6 8. Nf3 e6 9. Qd2 Qc7 10. Bd3 Nd7 11. 0-0 0-0-0 12. Rab1 Bd6 13. b4 Bh5 14. b5 Bxf3 15. gxf3 Bf4 16. Qe2 Qd6 17. Qf2 c5 18. Ne2 cxd4 19. Nxf4 Qxf4 20. Qxd4 Kb8 21. Qf2 Ne5 22. Rb3 Rhg8+ 23. Kh1 Rg5 24. Be2 Rdg8 25. Rd1 Rh5 26. Rg1 Ng4 27. Rxg4 Rxg4 28. Bf1 Rgh4 29. h3 Rxh3+ 30. Bxh3 Rxh3+ 31. Kg1 Qc1+ 32. Kg2 Qh1# 0-1

[Event "Hamburg-ch MA"]
[Site "Hamburg"]
[Date "2010.05.25"]
[Round "4.6"]
[White "Schiele, Lars"]
[Black "Schroeder, Christoph"]
[Result "0-1"]
[WhiteElo "2045"]
[BlackElo "2153"]
[PlyCount "168"]
[EventDate "2010.05.22"]
[EventType "swiss"]
[EventRounds "9"]
[EventCountry "GER"]
[SourceTitle "EXT 2011"]
[Source "ChessBase"]
[SourceDate "2010.11.26"]
[SourceVersion "1"]
[SourceVersionDate "2010.11.26"]
[SourceQuality "1"]

1. e4 c5 2. Nf3 d6 3. d4 cxd4 4. Nxd4 Nf6 5. Nc3 g6 6. Be3 Bg7 7. f3 Nc6 8. Qd2 0-0 9. 0-0-0 d5 10. exd5 Nxd5 11. Nxc6 bxc6 12. Bd4 Nxc3 13. Qxc3 Bh6+ 14. Be3 Bxe3+ 15. Qxe3 Qb6 16. Qc3 Be6 17. a3 Rfd8 18. Bd3 Rd5 19. h4 Rb8 20. h5 Qe3+ 21. Kb1 Rc5 22. Qd2 Qd4 23. Qc1 Rc3 24. hxg6 hxg6 25. Bxg6 Qg7 26. Bh7+ Kf8 27. Qh6 Rxa3 28. Qxg7+ Kxg7 29. Be4 c5 30. Rh7+ Kf6 31. Rdh1 Re3 32. Kc1 Re2 33. g3 Rg8 34. Kd1 Rxe4 35. fxe4 Rxg3 36. R7h5 Bg4+ 37. Kd2 Bxh5 38. Rxh5 Rg5 39. Rh7 Ke6 40. Kd3 Rg3+ 41. Kc4 Re3 42. Kxc5 Rxe4 43. c4 a5 44. Kb5 f5 45. c5 Rb4+ 46. Kc6 Rxb2 47. Rh6+ Ke5 48. Kd7 Rb7+ 49. Kc8 Rb1 50. Kd7 f4 51. c6 f3 52. c7 Rd1+ 53. Kxe7 Rc1 54. Re6+ Kd4 55. Rd6+ Ke3 56. Re6+ Kd3 57. Rd6+ Ke2 58. Re6+ Kf1 59. Kd7 Rxc7+ 60. Kxc7 f2 61. Kd6 a4 62. Ke5 a3 63. Kf4 a2 64. Ra6 Ke1 65. Rxa2 f1Q+ 66. Ke3 Qh3+ 67. Kd4 Qe6 68. Rc2 Kd1 69. Rg2 Qd6+ 70. Ke3 Qc5+ 71. Kf3 Qd5+ 72. Kg3 Ke1 73. Kh2 Kf1 74. Rg4 Kf2 75. Rf4+ Ke3 76. Rf1 Qh5+ 77. Kg3 Qg5+ 78. Kh2 Qh4+ 79. Kg2 Qg4+ 80. Kh2 Ke2 81. Rg1 Qh5+ 82. Kg2 Qh4 83. Rh1 Qg4+ 84. Kh2 Kf2 0-1

[Event "Hamburg-ch MA"]
[Site "Hamburg"]
[Date "2010.05.22"]
[Round "1.7"]
[White "Bente, Bjoern"]
[Black "Schiele, Lars"]
[Result "1-0"]
[WhiteElo "2191"]
[BlackElo "2045"]
[PlyCount "83"]
[EventDate "2010.05.22"]
[EventType "swiss"]
[EventRounds "9"]
[EventCountry "GER"]
[SourceTitle "EXT 2011"]
[Source "ChessBase"]
[SourceDate "2010.11.26"]
[SourceVersion "1"]
[SourceVersionDate "2010.11.26"]
[SourceQuality "1"]

1. d4 c5 2. d5 Nf6 3. Nc3 e5 4. e4 d6 5. Bb5+ Nbd7 6. a4 Be7 7. Nf3 0-0 8. 0-0 Ne8 9. Bd3 g6 10. Bh6 Ng7 11. Nd2 Nf6 12. Be2 Kh8 13. Nc4 Ng8 14. Bd2 f5 15. f4 exf4 16. Bxf4 g5 17. Bg3 f4 18. Bf2 b6 19. e5 Nf5 20. Ne4 Ba6 21. exd6 Nxd6 22. Ncxd6 Bxe2 23. Qxe2 Bxd6 24. Nxd6 Qxd6 25. c4 Rae8 26. Qg4 Qg6 27. Rae1 Nf6 28. Qd1 Ne4 29. b4 g4 30. bxc5 bxc5 31. Bxc5 Nxc5 32. Qd4+ Kg8 33. Rxe8 Rxe8 34. Qxc5 f3 35. Qc6 Qe4 36. gxf3 gxf3 37. Rxf3 Qd4+ 38. Kg2 Re2+ 39. Kh3 Qe5 40. Qc8+ Kg7 41. Qg4+ Kh6 42. Qf4+ 1-0

[Event "Bargteheide op"]
[Site "Bargteheide"]
[Date "2010.05.15"]
[Round "6"]
[White "Colpe, Malte"]
[Black "Schiele, Lars"]
[Result "1-0"]
[WhiteElo "2194"]
[BlackElo "2052"]
[PlyCount "79"]
[EventDate "2010.05.13"]
[EventType "swiss"]
[EventRounds "7"]
[EventCountry "GER"]
[SourceTitle "CBM 136 Extra"]
[Source "ChessBase"]
[SourceDate "2010.07.02"]
[SourceVersion "2"]
[SourceVersionDate "2010.07.15"]
[SourceQuality "1"]

1. d4 c5 2. d5 Nf6 3. c4 Ne4 4. f3 Qa5+ 5. Nd2 Nf6 6. e4 d6 7. Bd3 g6 8. Ne2 Bg7 9. 0-0 0-0 10. f4 e6 11. Nc3 a6 12. a4 Nbd7 13. Re1 Re8 14. Nf3 exd5 15. exd5 Qd8 16. Bd2 b6 17. Qc2 Ra7 18. Rxe8+ Nxe8 19. a5 Ndf6 20. axb6 Qxb6 21. Re1 Qd8 22. h3 Re7 23. Rxe7 Qxe7 24. Qa4 Nd7 25. Qc6 Qd8 26. Na4 Qc7 27. b4 cxb4 28. Qxc7 Nxc7 29. Bxb4 Ne8 30. Kf2 Kf8 31. Ke3 Ke7 32. g4 Nc7 33. Ng5 Nf6 34. Nb6 Bb7 35. Nf3 Bxd5 36. g5 Be6 37. gxf6+ Bxf6 38. h4 Bg4 39. Ng5 Ne6 40. Nd5+ 1-0

[Event "Hamburger Liga Aufstieg"]
[Site "Hamburg"]
[Date "2009.08.23"]
[Round "6.2"]
[White "Harder, Clemens"]
[Black "Schiele, Lars"]
[Result "0-1"]
[WhiteElo "2040"]
[BlackElo "1997"]
[PlyCount "79"]
[EventDate "2009.08.08"]
[EventType "swiss"]
[EventRounds "6"]
[EventCountry "GER"]
[SourceTitle "EXT 2022"]
[Source "ChessBase"]
[SourceDate "2021.10.06"]
[SourceVersion "1"]
[SourceVersionDate "2021.10.06"]
[SourceQuality "1"]

1. d4 c5 2. d5 Nf6 3. c4 e5 4. Nc3 d6 5. e4 Be7 6. g3 0-0 7. Bg2 Nbd7 8. Nge2 Ne8 9. 0-0 g6 10. Bh6 Ng7 11. Qd2 Nf6 12. h3 Kh8 13. Kh2 Ng8 14. Be3 f5 15. f4 Nf6 16. fxe5 dxe5 17. Rad1 Nge8 18. exf5 gxf5 19. Na4 Nd6 20. Qc2 b6 21. a3 Bd7 22. b3 Qe8 23. Nb2 Qh5 24. Kg1 f4 25. Bxf4 exf4 26. Nxf4 Qg5 27. Rde1 Nf5 28. g4 Nd4 29. Qd3 Bd6 30. Ne6 Bxe6 31. dxe6 Rae8 32. Nd1 Bf4 33. Nc3 Rxe6 34. Rxe6 Nxe6 35. Nd5 Nxd5 36. cxd5 Nd4 37. Kh1 h5 38. Qe4 hxg4 39. d6 gxh3 40. Rxf4 0-1

[Event "Hamburger Liga Aufstieg"]
[Site "Hamburg"]
[Date "2009.08.16"]
[Round "4.8"]
[White "Schiele, Lars"]
[Black "Klausch, Uwe"]
[Result "1-0"]
[WhiteElo "1997"]
[BlackElo "1741"]
[PlyCount "92"]
[EventDate "2009.08.08"]
[EventType "swiss"]
[EventRounds "6"]
[EventCountry "GER"]
[SourceTitle "EXT 2022"]
[Source "ChessBase"]
[SourceDate "2021.10.06"]
[SourceVersion "1"]
[SourceVersionDate "2021.10.06"]
[SourceQuality "1"]

1. e4 e5 2. Nf3 Nc6 3. Bc4 Bc5 4. 0-0 Nf6 5. d4 exd4 6. e5 d5 7. exf6 dxc4 8. fxg7 Rg8 9. Bg5 Be7 10. Bxe7 Kxe7 11. Nbd2 Rxg7 12. Nxc4 Kf8 13. Re1 Bh3 14. g3 Bg4 15. Qd3 Qd5 16. Nce5 Nb4 17. Qxd4 Qxd4 18. Nxd4 c5 19. a3 Nd5 20. Ndf3 Bh5 21. Nh4 f6 22. Nd3 b6 23. Nf5 Rg4 24. Nd6 Rd8 25. Ne4 Rg6 26. c4 Nc7 27. Nf4 Rh6 28. Nxh5 Rxh5 29. Nxf6 Rh6 30. Ne4 Ne6 31. Kg2 Rg6 32. Rad1 Nd4 33. b4 Re8 34. bxc5 Nc2 35. Re2 bxc5 36. Rxc2 Rxe4 37. Rd5 Rc6 38. Rd7 Ra6 39. Rc3 h6 40. Rc7 Ra5 41. Kf3 Re6 42. Kg4 Re7 43. Rxe7 Kxe7 44. Kf5 Ra6 45. f4 h5 46. Kg5 h4 1-0

[Event "Hamburger Liga Aufstieg"]
[Site "Hamburg"]
[Date "2009.08.11"]
[Round "3"]
[White "Reddmann, Hauke"]
[Black "Schiele, Lars"]
[Result "1-0"]
[WhiteElo "2318"]
[BlackElo "1997"]
[PlyCount "47"]
[EventDate "2009.08.08"]
[EventType "swiss"]
[EventRounds "6"]
[EventCountry "GER"]
[SourceTitle "EXT 2022"]
[Source "ChessBase"]
[SourceDate "2021.10.06"]
[SourceVersion "1"]
[SourceVersionDate "2021.10.06"]
[SourceQuality "1"]

1. d4 c5 2. dxc5 e6 3. Nc3 Bxc5 4. Ne4 Nc6 5. c3 Be7 6. Nd6+ Kf8 7. e4 Qc7 8. Bf4 e5 9. Nxc8 Rxc8 10. Be3 Nf6 11. Qf3 d5 12. exd5 e4 13. Qf5 g6 14. Bh6+ Ke8 15. Qh3 Nd4 16. Bf4 Qd8 17. 0-0-0 Nf5 18. d6 Bxd6 19. Bxd6 Nxd6 20. Rxd6 Rxc3+ 21. bxc3 Qxd6 22. Qc8+ Ke7 23. Qxb7+ Kf8 24. Qb4 1-0

[Event "Hamburger Liga Aufstieg"]
[Site "Hamburg"]
[Date "2009.08.09"]
[Round "2.4"]
[White "Schiele, Lars"]
[Black "Atri, Jamshid"]
[Result "1-0"]
[WhiteElo "1997"]
[BlackElo "2059"]
[PlyCount "40"]
[EventDate "2009.08.08"]
[EventType "swiss"]
[EventRounds "6"]
[EventCountry "GER"]
[SourceTitle "EXT 2022"]
[Source "ChessBase"]
[SourceDate "2021.10.06"]
[SourceVersion "1"]
[SourceVersionDate "2021.10.06"]
[SourceQuality "1"]

1. e4 Nc6 2. Nf3 d6 3. d4 Bg4 4. d5 Bxf3 5. Qxf3 Ne5 6. Qb3 Qc8 7. Nc3 Nf6 8. Be2 g6 9. f4 Ned7 10. Be3 Bg7 11. h3 0-0 12. g4 c5 13. g5 Ne8 14. h4 a6 15. h5 b5 16. Nd1 Nc7 17. Bg4 Qd8 18. Bd2 b4 19. Qh3 Nb6 20. hxg6 fxg6 1-0